000 00279nam a22001217a 4500
041 _aENG
100 _a65.060.80
245 _aForestry Tools - Dibble Iron-Specification
260 _aNew Delhi
_bBIS
_c1998
300 _a02
650 _aBIS-Test Code
856 _uBIS-Test Code
999 _c1991
_d1991